Países Aleatórios por Bandeira e Forma - Statistics

Estatísticas Gerais
  • Esse quiz foi jogado 390 vezes
  • A pontuação média é 12 de 16
Estatísticas das Respostas
Imagem Resposta % Correto
Brasil
100%
Chile
100%
Coreia do Norte
100%
Costa Rica
100%
Croácia
100%
Geórgia
100%
Grécia
100%
México
100%
Noruega
100%
Portugal
100%
Rússia
100%
Suécia
100%
Suíça
100%
Argentina
95%
Austrália
95%
Bélgica
95%
China
95%
Estados Unidos
95%
Estônia
95%
Guiana
95%
Índia
95%
Alemanha
94%
Angola
94%
Arábia Saudita
94%
Canadá
94%
Colômbia
94%
Eslováquia
94%
Finlândia
94%
Polônia
94%
Quênia
94%
Afeganistão
93%
Dominica
93%
Eslovénia
93%
Irão
93%
República Democrática do Congo
93%
Sri Lanka
93%
Vaticano
93%
Espanha
92%
Indonésia
92%
Chade
91%
Irlanda
91%
Itália
91%
Marrocos
91%
Catar
90%
Líbano
90%
Paquistão
90%
Romênia
90%
Taiwan
90%
Kosovo
89%
Macedónia do Norte
89%
Nicarágua
89%
Nova Zelândia
89%
Ucrânia
89%
Albânia
88%
Bulgária
88%
Costa do Marfim
88%
França
88%
Gana
88%
Jordânia
88%
Moldávia
88%
Quirguistão
88%
Turquia
88%
Vietname
88%
Iraque
87%
República Checa
87%
Áustria
86%
Dinamarca
86%
Egito
86%
Filipinas
86%
Guatemala
86%
Honduras
86%
Namíbia
86%
Países Baixos
86%
Bolívia
85%
Jamaica
85%
Panamá
85%
Senegal
85%
Singapura
85%
Tunísia
85%
Uganda
85%
Turquemenistão
84%
Camboja
83%
Cazaquistão
83%
Peru
83%
Síria
83%
Butão
82%
Equador
82%
Israel
82%
Madagáscar
82%
Malásia
82%
Nigéria
82%
Seychelles
82%
Somália
82%
Venezuela
82%
Bielorrússia
81%
Birmânia
81%
Bósnia e Herzegovina
81%
Chipre
81%
Laos
81%
Paraguai
81%
África do Sul
80%
Armênia
80%
Bangladesh
80%
Coreia do Sul
80%
Iémen
80%
Kuweit
80%
Sudão
80%
Suriname
80%
Tailândia
80%
Barbados
79%
Burundi
79%
Líbia
79%
Moçambique
79%
Mônaco
79%
Sérvia
79%
Haiti
78%
Luxemburgo
78%
Azerbaijão
77%
Reino Unido
77%
Comores
76%
Montenegro
76%
Níger
76%
Argélia
75%
Belize
75%
Malta
75%
Ruanda
75%
Uruguai
75%
Mongólia
74%
Letónia
73%
Malawi
73%
República Dominicana
73%
Sudão do Sul
73%
Estados Federados da Micronésia
72%
Papua Nova Guiné
72%
Benim
71%
Lituânia
71%
República Centro-Africana
71%
San Marino
71%
Santa Lúcia
71%
Eritreia
70%
São Vicente e Granadinas
70%
Andorra
69%
Ilhas Salomão
69%
Islândia
69%
Japão
69%
Palau
69%
Togo
69%
Trinidad e Tobago
69%
Burkina Faso
68%
Camarões
68%
Lesoto
68%
Cuba
67%
El Salvador
67%
Hungria
67%
Libéria
67%
Botswana
65%
Brunei
65%
Gâmbia
65%
São Cristóvão e Nevis
65%
Uzbequistão
65%
Tajiquistão
64%
Antígua e Barbuda
63%
Mauritânia
63%
Etiópia
62%
Timor-Leste
61%
Emirados Árabes Unidos
60%
Guiné-Bissau
60%
Mali
60%
Nauru
60%
Serra Leoa
60%
Zâmbia
60%
Guiné
59%
Zimbábue
58%
Bahamas
56%
Liechtenstein
55%
Nepal
55%
Omã
55%
Djibouti
53%
República do Congo
53%
Bahrein
50%
Essuatíni
50%
Guiné Equatorial
50%
Vanuatu
47%
Kiribati
46%
Samoa
46%
Cabo Verde
45%
Granada
43%
Ilhas Marshall
42%
Tonga
42%
Gabão
40%
Tanzânia
39%
Maurícia
38%
Fiji
25%
São Tomé e Príncipe
25%
Maldivas
20%
Tuvalu
18%
Nenhum quiz correspondente encontrado
Distribuição das Pontuações
Porcentagem de Pessoas com Cada Pontuação
Percentil de Números Respondidos
Sua Pontuação Histórica
Você não jogou esse quiz